000 00906nam a2200265Ia 4500
003 OSt
005 20220930073013.0
006 a|||||r|||| 00| 0
007 ta
008 220926b |||||||| |||| 00| 0 eng d
024 _a25832
037 _cTheses
040 _aCRL
_cCRL
_beng
041 _2eng
_aeng
100 _aJayaraman Vani
_9530891
110 _aUniversity of Delhi. Faculty of Science. Department of Botany
245 0 _aPurification and characterization of lipopolysaccharides form Bradyrhizobium and rhizobium and their interaction with legume lectins
260 _c1998
650 _aBOTANY
700 _a Das H.R. Supervisor
_9530892
700 _a Gupta Rajendra Supervisor
_9530893
700 _aUniversity of Delhi. Faculty of Science. Department of Botany
942 _cDIS
_2CC
999 _c864558
_d864558